A comparison of the graduation rates of student-athletes with the overall student body : who enrolled at the University of North Carolina at Chapel Hill from 1966 to 1976 /

Bibliographic Details
Main Author: Jacobs, Kathryn Jean
Format: Thesis Microform Book
Language:English
Published: [Place of publication not identified] : [publisher not identified] ; 1983.
Subjects:

MARC

Tag First Indicator Second Indicator Subfields
LEADER 00000cam a2200000 a 4500
001 in00000025724
005 20151007054442.0
007 he bmb|||||||
008 850611r19851983oru bb 00010 eng d
035 |a (OCoLC)12143049 
035 |9 AAB5105AM 
040 |a ORU  |c MIA  |d MIA  |d HPE  |d m/c  |d TXA  |d UtOrBLW 
043 |a n-us-nc 
049 |a TXAI 
099 |a fiche  |a C  |a 8472 
100 1 |a Jacobs, Kathryn Jean. 
245 1 2 |a A comparison of the graduation rates of student-athletes with the overall student body :  |b who enrolled at the University of North Carolina at Chapel Hill from 1966 to 1976 /  |c by Kathryn Jean Jacobs. 
264 1 |a [Place of publication not identified] :  |b [publisher not identified] ;  |c 1983. 
300 |a ii, 45 leaves. 
336 |a text  |b txt  |2 rdacontent 
337 |a microform  |b h  |2 rdamedia 
338 |a microfiche  |b he  |2 rdacarrier 
502 |b M.A.  |c University of North Carolina at Chapel Hill  |d 1983. 
504 |a Bibliography: leaves 44-45. 
533 |a Microfiche.  |b Eugene :  |c Microform Publications, College of Human Development and Performance, University of Oregon,  |d 1985.  |e 1 microfiche : negative ; 11 x 15 cm. 
500 |a Microform. 
610 2 0 |a University of North Carolina at Chapel Hill  |x Students. 
650 0 |a Athletes. 
650 0 |a College graduates  |z North Carolina  |x Statistics. 
999 |a MARS 
999 f f |s 8fe7b31f-f426-3eec-8cf7-bdf52ba96d08  |i 4675083a-157d-370c-8cab-8a8adc1e36d5  |t 0 
952 f f |p normal  |a Texas A&M University  |b College Station  |c Sterling C. Evans Library  |d Evans: Microforms (3rd floor)  |t 0  |e fiche C 8472  |h Other scheme  |i microform -- microfiche  |m A14822817331 
998 f f |a fiche C 8472  |t 0  |l Evans: Microforms (3rd floor)